000 00376 a2200133 4500
001 ART_6722
005 20260410161620.0
008 260409a
245 1 0 _aSegmentos operativos según la NIIF 8
100 1 _aSlosse, Carlos Alberto
700 1 _aGamondés, Santiago F.
700 1 _aNigro, Jorge O.
773 0 _tEnfoques
_g- Nº 2 (feb. 2010)
_wREV416
999 _c11507
_d11507